000 00730nam a2200217 i 4500
001 100440
003 ES-MaACL
005 20230906182656.0
007 t|
008 050928s1958 sp ||||1| spa d
100 1 _aMas y Gil, Luis.
_978650
245 1 0 _aBibliografía de Pego /
_cLuis Mas y Gil.
260 _aAlicante :
_bComisión Provincial de Monumentos Históricos y Artísticos,
_c1958.
300 _a40 p. ;
_c21 cm.
490 1 _aBibliografía alicantina
651 4 _aPego-
_vBibliografías.
_9157732
710 2 _aComisión Provincial de Monumentos Históricos y Artísticos (Alicante)
_93061
830 0 _aBibliografía alicantina
_9232434
852 _aES-MaACL
_j2005-F-1
_bR.42257
999 _c100440
_d100440